Má cveng i v zahraničí Univerzita veterinárneho lekárstva oslavuje polstoročnicu

Bibliographic Details
Main Author: Sambor, Miroslav (Author)
Corporate Author: Univerzita veterinárskeho lekárstva v Košiciach (Author)
Format: Article
Language:Slovak
Subjects:

MARC

LEADER 00000nab a2200000 a 4500
001 vtls000901475
003 SK-MaSNL
005 20260303184048.0
008 040720e19990831xo 0 slo
035 |a KE10457 
040 |a KEVKJB  |b slo  |c KEVKJB  |e AACR2 
041 0 |a slo 
044 |a xo  |c SK 
080 |a 378.4  |2 1981 
080 |a 619  |2 1981 
100 1 |a Sambor, Miroslav  |4 aut  |9 872736 
245 1 0 |a Má cveng i v zahraničí  |b Univerzita veterinárneho lekárstva oslavuje polstoročnicu 
610 2 7 |a Univerzita veterinárskeho lekárstva v Košiciach  |2 KEVKJB  |9 30750 
650 0 7 |a výročie založenia 50.  |2 KEVKJB  |9 873326 
650 0 7 |a informácie  |2 KEVKJB  |9 1285 
651 7 |a Košice (Slovensko)  |2 KEVKJB  |9 18694 
651 7 |a KE,  |2 KEVKJB  |9 877256 
655 7 |a periodikum  |2 snkbucl  |9 29553 
710 2 |a Univerzita veterinárskeho lekárstva v Košiciach  |4 aut  |9 30750 
773 0 8 |t Košický večer  |g Roč. 10  |g Roč. 31, č.168, 31.8.1999, s. 2 
852 |a ZVYKNI  |b KIS3GCP 
999 |c 2124733  |d 2126663